00443nam a22001577a 4500008004100000050002200041100001700063245005500080250001300135260003600148300003200184500001900216650001500235700001800250700001700268260611b |||||||| |||| 00| 0 eng d aRB 111b.K86 2018 a Kumar Vinay aRobbins Basic Pathology /cVinay Kumar...[et al.]. a10th ed. aPhiladephia :bElsevier,c2018. axiv, 935p. :bill. ;c25cm. aIncludes index aPathology. aAbbas Abul K. aAster Jon C.